00854nam a22002057a 4500003001100000005001700011008004100028040003900069041000800108082001600116111013700132245011000269260008000379300002500459490005100484650003700535650003200572700001900604700002500623LK-CoMWRAF20240611102910.0231225b1991 |||||||| |||| 00| 0 eng d aLK-CoMWRAFdLK-CoMWRAFeLK-CoMWRAF aeng a379.24bUNI aUNESCO writing workshop to develop reading materials for women with limited reading skillsc(Chiangrai, Thailandd1-10 October 1990) aWe are equals : ba booklet developed t the UNESCO writing workshop for women with limited reading skills aBangkok:bUnesco principal regional office for Asia and the Pacific, c1991 a19 p.: ill. ; 23 cm. a Asia - Pacific Programme of Education for All a Post-Literacy programmes -India aWomen in development- India aSupekar, Kunda aHomwan, Pitakeills.